Сравнение чувствительности метода наносекундных импульсов и FRAX-150; Современные техника и технологии; Т. 1
| Parent link: | Современные техника и технологии: сборник трудов XX международной научно-практической конференции студентов, аспирантов и молодых ученых, Томск, 14-18 апреля 2014 г./ Национальный исследовательский Томский политехнический университет (ТПУ).— , 2014 Т. 1.— 2014.— [С. 43-44] |
|---|---|
| Main Author: | |
| Corporate Authors: | , |
| Other Authors: | |
| Summary: | Заглавие с титульного экрана |
| Language: | Russian |
| Published: |
2014
|
| Series: | Электроэнергетика |
| Subjects: | |
| Online Access: | http://earchive.tpu.ru/handle/11683/20840 http://www.lib.tpu.ru/fulltext/c/2014/C01/V1/020.pdf |
| Format: | Electronic Book Chapter |
| KOHA link: | https://koha.lib.tpu.ru/cgi-bin/koha/opac-detail.pl?biblionumber=606477 |
MARC
| LEADER | 00000naa2a2200000 4500 | ||
|---|---|---|---|
| 001 | 606477 | ||
| 005 | 20231101132414.0 | ||
| 035 | |a (RuTPU)RU\TPU\conf\3856 | ||
| 035 | |a RU\TPU\conf\3855 | ||
| 090 | |a 606477 | ||
| 100 | |a 20140530d2014 k y0rusy50 ca | ||
| 101 | 0 | |a rus | |
| 102 | |a RU | ||
| 105 | |a y z 101zy | ||
| 135 | |a drcn ---uucaa | ||
| 181 | 0 | |a i | |
| 182 | 0 | |a b | |
| 200 | 1 | |a Сравнение чувствительности метода наносекундных импульсов и FRAX-150 |f А. С. Семенов |g науч. рук. В. А. Лавринович | |
| 203 | |a Текст |c электронный | ||
| 225 | 1 | |a Электроэнергетика | |
| 230 | |a 1 компьютерный файл (pdf; 306 Kb) | ||
| 300 | |a Заглавие с титульного экрана | ||
| 320 | |a [Библиогр.: с. 44 (3 назв.)] | ||
| 337 | |a Adobe Reader | ||
| 461 | 1 | |0 (RuTPU)RU\TPU\conf\3687 |t Современные техника и технологии |o сборник трудов XX международной научно-практической конференции студентов, аспирантов и молодых ученых, Томск, 14-18 апреля 2014 г. |o в 3 т. |f Национальный исследовательский Томский политехнический университет (ТПУ) |d 2014 | |
| 463 | 0 | |0 (RuTPU)RU\TPU\conf\3688 |t Т. 1 |v [С. 43-44] |d 2014 | |
| 610 | 1 | |a труды учёных ТПУ | |
| 610 | 1 | |a электронный ресурс | |
| 610 | 1 | |a наносекундные импульсы | |
| 610 | 1 | |a трансформаторы | |
| 610 | 1 | |a диагностика | |
| 610 | 1 | |a обмотки | |
| 610 | 1 | |a амплитуды | |
| 700 | 1 | |a Семенов |b А. С. |c специалист в области атомной энергетики |c инженер Томского политехнического университета |g Алексей Сергеевич |2 stltpush |3 (RuTPU)RU\TPU\pers\32937 | |
| 702 | 1 | |a Лавринович |b В. А. |c специалист в области энергетики |c профессор Томского политехнического университета, доктор технических наук |f 1948- |g Валерий Александрович |2 stltpush |4 727 | |
| 712 | 0 | 2 | |a Национальный исследовательский Томский политехнический университет (ТПУ) |b Энергетический институт (ЭНИН) |b Кафедра электроэнергетических систем (ЭЭС) |h 6980 |2 stltpush |3 (RuTPU)RU\TPU\col\18675 |
| 712 | 0 | 2 | |a Национальный исследовательский Томский политехнический университет (ТПУ) |b Физико-технический институт (ФТИ) |b Лаборатория получения радиоактивных веществ |h 6478 |2 stltpush |3 (RuTPU)RU\TPU\col\19672 |
| 801 | 2 | |a RU |b 63413507 |c 20210310 |g RCR | |
| 856 | 4 | |u http://earchive.tpu.ru/handle/11683/20840 | |
| 856 | 4 | |u http://www.lib.tpu.ru/fulltext/c/2014/C01/V1/020.pdf | |
| 942 | |c BK | ||